00575nam a22002057a 450000500170000001000130001702000100003003500130004003700160005304000120006908200170008110000250009824500550012326000280017827000610020630000230026750000520029065000140034265000130035620170124110023.0 aA-701497 c00.00 aA-701497 bCen Lib/Ret aDPLbEN a590.744bCHA aChadwick, Douglas H. aThe fate of the elephant /cby Douglas H. Chadwick aNew DelhibVikingc1994 a210, Chiranjiv Tower, 43, Nehru PlacebNew Delhie110019 axi,492p.c20cm(Hb) aIncludes bibliographical references and index  aElephants aPoaching